Statistics for Countries with MAN, PAN or RAN

Click here to take the quiz!

General Stats

  • This quiz has been taken 889 times
  • The average score is 5 of 7

Answer Stats

MAN% Correct
Iran
92%
Panama
88%
Germany
75%
Japan
72%
Oman
70%
Romania
37%
France
35%

Score Distribution

Percentile by Number Answered

Percent of People with Each Score

Your Score History

You have not taken this quiz